000 00672nam a2200241Ia 4500
003 OSt
005 20220918221524.0
006 a|||||r|||| 00| 0
007 ta
008 220917b |||||||| |||| 00| 0 eng d
024 _a194,176
037 _cTextual
040 _aARTS
_cARTS
_beng
041 _2eng
_aeng
082 _aP, P1
100 _aFortescue Michael
_9140696
245 0 _aPattern and process
_b a whiteheadian perspective on linguistics
260 _aAmsterdam
_bJohn Benjamins Publishing Company
_c2001
300 _avii,311p.
_ccm.
650 _aLINGUISTICS
942 _hP, P1
_cTEXL
_2CC
999 _c272789
_d272789